000 01357nam a22003617a 4500
001 988133
003 OSt
005 20210426122454.0
008 860415s1986 enka 000 0 eng
010 _a 86008475
020 _a0198129262
040 _aDLC
_cDLC
_dDLC
_beng
041 _aeng
050 0 0 _aPR2754
_b.W45 1986b
080 _a821.111
_bS-53
082 0 0 _a822.3/3
_219
100 1 _aShakespeare, William,
_d1564-1616.
240 1 0 _aWorks.
_f1986
245 1 0 _aWilliam Shakespeare, the complete works /
_cgeneral editors, Stanley Wells and Gary Taylor ; editors, Stanley Wells ... [et al.] ; with introductions by Stanley Wells.
_b/ by: Clarendon Press
260 _aOxford [Oxfordshire] :
_bClarendon Press
_aNew York
_bOxford University Press,
_c1986.
300 _axlvii, 1432 p.
_bill.
_c29 cm.
365 _b45 usd
490 1 _a[The Oxford Shakespeare]
500 _aSeries statement from jacket.
650 0 _9247
_aEnglish literature
653 _aინგლისური ლიტერატურა
700 1 _aWells, Stanley,
_d1930-
700 1 _aTaylor, Gary,
_d1953-
800 1 _aShakespeare, William,
_d1564-1616.
_tWorks.
_f1982.
856 4 2 _3Publisher description
_uhttp://www.loc.gov/catdir/enhancements/fy0640/86008475-d.html
906 _a7
_bcbc
_corignew
_d1
_eocip
_f19
_gy-gencatlg
942 _2udc
_cBK
999 _c1132
_d1132